Madison Beer - Chansons commençant par S - Statistiques

Statistiques générales
  • Ce quiz a été pris 7 fois
  • Le résultat moyen est 5 sur 10
Statistiques - réponses
S % Correct
Selfish
75%
Say It to My Face
50%
Showed Me (How I Fell in Love with You)
50%
Silence Between Songs
50%
Spinnin
50%
Stained Glass
50%
Sweet Relief
50%
Something Sweet
25%
Sour Times
25%
Stay Numb and Carry On
25%
Aucun quiz correspondant
Distribution des résultats
% des personnes avec chaque résultat
Percentile par nombre de réponses
Votre historique - résultats
Vous n’avez pas pris ce quiz